Powiaty województwa wielkopolskiego i m. w. Poznań w 1968r. na mapie - Statystyki

Ogólne statystyki
  • Ten quiz został rozwiązany 22 razy
  • Średni wynik to 28 z 34
Odpowiedzi na mapie
Odpowiedzi zakodowano w zielono-czerwonej skali na mapie do tego quizu, zgodnie z poniższymi procentami.
 
Statystyki odpowiedzi
Powiat % Poprawnych
Miasto {Poznań}
100%
gnieźnieński
95%
Miasto {Gniezno}
95%
poznański
95%
jarociński
89%
kaliski
89%
koniński
89%
leszczyński
89%
Miasto {Kalisz}
89%
Miasto {Leszno}
89%
Miasto {Ostrów Wielkopolski}
89%
ostrowski
89%
średzki
89%
turecki
89%
chodzieski
84%
kolski
84%
nowotomyski
84%
obornicki
84%
pleszewski
84%
śremski
84%
szamotulski
84%
kępiński
79%
międzychodzki
79%
ostrzeszowski
79%
rawicki
79%
wrzesiński
79%
gostyński
74%
kościański
74%
krotoszyński
74%
słupecki
74%
trzcianecki
74%
czarnkowski
68%
wągrowiecki
68%
wolsztyński
58%
Nie znaleziono quizów pasujących do podanych kryteriów
Rozkład punktacji
Procent ludzi z każdym wynikiem
Percentyl według liczby udzielonych odpowiedzi
Twoja historia wyników
Nie rozwiązałeś tego quizu